A curriculum guide for middle leaders : intent, implementation and impact in practice

Salvato in:
Dettagli Bibliografici
Autore principale: STEWARD, Richard
Natura: Libro
Lingua:inglese
Pubblicazione: Routledge 2021
Tags: Aggiungi Tag
Nessun Tag, puoi essere il primo ad aggiungerne!!

MARC

LEADER 00000nam a22000007a 4500
008 240703b |||||||| |||| 00| 0 eng d
020 |a 9780367610982 
100 |a STEWARD, Richard 
245 |a A curriculum guide for middle leaders  |b : intent, implementation and impact in practice  |c ?Richard Steward  |g xiii, 196p;ill 
260 |b Routledge  |c 2021  |h New York  |i 702149  |i 702150  |l LB280615.St3  |m Curriculum planning  |m Educational leadership 
942 |a lcc  |c BK  |e Johnson  |f 03/7/24 
952 |0 0  |1 0  |2 lcc  |4 0  |6 LB280615 S T3  |7 0  |9 5364  |a ED  |b HOL  |c LP  |d 2024-07-03  |l 0  |o LB280615.St3  |p 2024-0605  |r 2024-07-03 00:00:00  |t 702149  |w 2024-07-03  |y BK 
952 |0 0  |1 0  |2 lcc  |4 0  |6 LB280615 S T3  |7 0  |9 5365  |a HOL  |b HOL  |c LP  |d 2024-07-03  |l 0  |o LB280615.St3  |p 2024-0606  |r 2024-07-03 00:00:00  |t 702150  |w 2024-07-03  |y BK 
999 |c 2655  |d 2655